[Event "Berlin-ch QT"]
[Site "Berlin"]
[Date "2015.04.05"]
[Round "3"]
[White "Neuwirth, Michael"]
[Black "Koerlin, Hans Juergen"]
[Result "1/2-1/2"]
[WhiteElo "1978"]
[BlackElo "1866"]
[PlyCount "73"]
[EventDate "2015.04.03"]
[EventType "swiss"]
[EventRounds "9"]
[EventCountry "GER"]
[SourceTitle "EXT 2022"]
[Source "ChessBase"]
[SourceDate "2021.10.06"]
[SourceVersion "1"]
[SourceVersionDate "2021.10.06"]
[SourceQuality "1"]

1. c4 e5 2. Nc3 Nc6 3. g3 f5 4. Bg2 Nf6 5. a3 a5 6. d3 Bc5 7. Nh3 d6 8. Bg5 h6 9. Bxf6 Qxf6 10. Nd5 Qd8 11. e3 0-0 12. Rb1 f4 13. Ndxf4 exf4 14. Bd5+ Kh8 15. Nxf4 Rxf4 16. gxf4 Qh4 17. d4 Ba7 18. b4 Bf5 19. Ra1 Re8 20. 0-0 Nd8 21. Qa4 c6 22. Bg2 Bd3 23. Rfd1 Bxc4 24. Rac1 d5 25. Rd2 Bb8 26. Qd1 g5 27. Qf3 gxf4 28. h3 axb4 29. axb4 Rg8 30. Kh1 Ne6 31. Bf1 Bxf1 32. Rxf1 Ng5 33. Qg4 Qxh3+ 34. Qxh3 Nxh3 35. exf4 Bxf4 36. Ra2 Rg7 37. Rb2 1/2-1/2

[Event "Berlin Werner Ott op"]
[Site "Berlin"]
[Date "2013.07.09"]
[Round "4"]
[White "Perestjuk, Marko"]
[Black "Neuwirth, Michael"]
[Result "0-1"]
[WhiteElo "2033"]
[BlackElo "1970"]
[PlyCount "76"]
[EventDate "2013.07.06"]
[EventType "swiss"]
[EventRounds "9"]
[EventCountry "GER"]
[SourceTitle "CBM 155 Extra"]
[Source "ChessBase"]
[SourceDate "2013.08.26"]
[SourceVersion "1"]
[SourceVersionDate "2013.08.26"]
[SourceQuality "1"]

1. e4 c5 2. Nf3 d6 3. d4 cxd4 4. Qxd4 a6 5. c4 Nf6 6. Nc3 Nc6 7. Qd2 g6 8. b3 Bg4 9. Be2 Bxf3 10. Bxf3 Rc8 11. Bb2 Ne5 12. Be2 h5 13. 0-0 Bh6 14. Qe1 g5 15. Nd5 e6 16. Nxf6+ Qxf6 17. Qb4 Rd8 18. Qxb7 g4 19. Rab1 Bf4 20. g3 Bd2 21. Qxa6 Qg5 22. Bxe5 dxe5 23. Qb5+ Kf8 24. f4 gxf3 25. Rxf3 h4 26. Qc5+ Kg8 27. Rbf1 Rh7 28. Qf2 Kh8 29. c5 Rg8 30. Rd3 hxg3 31. hxg3 f5 32. exf5 e4 33. Rxd2 Qxd2 34. f6 Qh6 35. Qg2 Qe3+ 36. Rf2 Rxg3 37. f7 Rxg2+ 38. Kxg2 Qh3+ 0-1

[Event "Berlin-ch qualification"]
[Site "Berlin-Lichtenrade"]
[Date "2011.04.30"]
[Round "8.18"]
[White "Walter, Guenter1"]
[Black "Neuwirth, Michael"]
[Result "1/2-1/2"]
[WhiteElo "1994"]
[BlackElo "1800"]
[PlyCount "62"]
[EventDate "2011.04.23"]
[EventType "swiss"]
[EventRounds "9"]
[EventCountry "GER"]
[SourceTitle "EXT 2022"]
[Source "ChessBase"]
[SourceDate "2021.10.06"]
[SourceVersion "1"]
[SourceVersionDate "2021.10.06"]
[SourceQuality "1"]

1. e4 e5 2. Nf3 Nc6 3. Bb5 a6 4. Bxc6 dxc6 5. 0-0 f6 6. d4 exd4 7. Nxd4 Bd6 8. Be3 Ne7 9. Nd2 b5 10. a4 0-0 11. axb5 cxb5 12. Nxb5 Be5 13. c3 Rb8 14. Nd4 f5 15. Nxf5 Bxf5 16. exf5 Nxf5 17. Nc4 Bxh2+ 18. Kxh2 Qh4+ 19. Kg1 Qxc4 20. Ra4 Qc6 21. Bc1 Rf6 22. Rg4 Rbf8 23. Qb3+ Kh8 24. Qb4 Qe8 25. Qc5 Qh5 26. Rg5 Qh4 27. Qxc7 Rh6 28. f3 Qh1+ 29. Kf2 Qh4+ 30. Kg1 Qh1+ 31. Kf2 Qh4+ 1/2-1/2

[Event "Berlin-ch qualification"]
[Site "Berlin-Lichtenrade"]
[Date "2011.04.25"]
[Round "3.5"]
[White "Neuwirth, Michael"]
[Black "Buttkus, Andree"]
[Result "1-0"]
[WhiteElo "1800"]
[BlackElo "2074"]
[PlyCount "65"]
[EventDate "2011.04.23"]
[EventType "swiss"]
[EventRounds "9"]
[EventCountry "GER"]
[SourceTitle "EXT 2022"]
[Source "ChessBase"]
[SourceDate "2021.10.06"]
[SourceVersion "1"]
[SourceVersionDate "2021.10.06"]
[SourceQuality "1"]

1. d4 Nf6 2. c4 e6 3. Nc3 Bb4 4. e3 0-0 5. Bd3 d6 6. Nge2 e5 7. Bd2 exd4 8. Nxd4 Nbd7 9. Qe2 Ne5 10. Bc2 a6 11. h3 Re8 12. g4 h6 13. 0-0-0 c5 14. Nf3 Nc6 15. a3 Ba5 16. Qd3 b5 17. Nd5 Ne4 18. Bxa5 Nxa5 19. Nd2 bxc4 20. Nxc4 Nxc4 21. Qxc4 Nxf2 22. Rdf1 Nxh1 23. Qd3 g6 24. Rxf7 Re6 25. Rc7 Nf2 26. Qc4 Kh8 27. Qf4 Bd7 28. Qxh6+ Kg8 29. Bxg6 Rxg6 30. Qxg6+ Kf8 31. Qh6+ Kf7 32. Qh7+ Ke8 33. Rxd7 1-0